Basic Econometrics. (Record no. 33460)
[ view plain ]
| 000 -LEADER | |
|---|---|
| fixed length control field | 00858nam a22002897a 4500 |
| 003 - CONTROL NUMBER IDENTIFIER | |
| control field | OSt |
| 005 - DATE AND TIME OF LATEST TRANSACTION | |
| control field | 20260519105740.0 |
| 008 - FIXED-LENGTH DATA ELEMENTS--GENERAL INFORMATION | |
| fixed length control field | 260519b |||||||| |||| 00| 0 eng d |
| 020 ## - INTERNATIONAL STANDARD BOOK NUMBER | |
| International Standard Book Number | 9788176711388 |
| 040 ## - CATALOGING SOURCE | |
| Transcribing agency | IN-NITTTR |
| 082 ## - DEWEY DECIMAL CLASSIFICATION NUMBER | |
| Classification number | 330.18 |
| Item number | G969B2 |
| 100 ## - MAIN ENTRY--PERSONAL NAME | |
| Personal name | Gujarati, Damodar N. |
| 245 ## - TITLE STATEMENT | |
| Title | Basic Econometrics. |
| Statement of responsibility, etc. | by Damodar N. Gujarati and Dawn C. Porter/ |
| 260 ## - PUBLICATION, DISTRIBUTION, ETC. | |
| Place of publication, distribution, etc. | New Delhi. |
| Name of publisher, distributor, etc. | Affiliated East-West Press Pvt. Ltd. |
| Date of publication, distribution, etc. | 2025 |
| 300 ## - PHYSICAL DESCRIPTION | |
| Extent | xx, 922 p. |
| 650 ## - SUBJECT ADDED ENTRY--TOPICAL TERM | |
| Topical term or geographic name entry element | Econometrics |
| 650 ## - SUBJECT ADDED ENTRY--TOPICAL TERM | |
| Topical term or geographic name entry element | Statistical Analysis |
| 650 ## - SUBJECT ADDED ENTRY--TOPICAL TERM | |
| Topical term or geographic name entry element | Regression Analysis |
| 650 ## - SUBJECT ADDED ENTRY--TOPICAL TERM | |
| Topical term or geographic name entry element | Linear Regression Models |
| 650 ## - SUBJECT ADDED ENTRY--TOPICAL TERM | |
| Topical term or geographic name entry element | Multiple Regression |
| 650 ## - SUBJECT ADDED ENTRY--TOPICAL TERM | |
| Topical term or geographic name entry element | Probability and Statistics |
| 650 ## - SUBJECT ADDED ENTRY--TOPICAL TERM | |
| Topical term or geographic name entry element | Economic Data Analysis |
| 650 ## - SUBJECT ADDED ENTRY--TOPICAL TERM | |
| Topical term or geographic name entry element | Quantitative Economics |
| 650 ## - SUBJECT ADDED ENTRY--TOPICAL TERM | |
| Topical term or geographic name entry element | Hypothesis Testing |
| 700 ## - ADDED ENTRY--PERSONAL NAME | |
| Personal name | Porter, Dawn C. |
| 942 ## - ADDED ENTRY ELEMENTS (KOHA) | |
| Source of classification or shelving scheme | Dewey Decimal Classification |
| Koha item type | Books |
| Suppress in OPAC | No |
| Withdrawn status | Lost status | Source of classification or shelving scheme | Damaged status | Not for loan | Collection | Home library | Current library | Date acquired | Total checkouts | Full call number | Barcode | Date last seen | Price effective from | Koha item type |
|---|---|---|---|---|---|---|---|---|---|---|---|---|---|---|
| Dewey Decimal Classification | Non-fiction | National Institute of Technical Teachers Training & Research | National Institute of Technical Teachers Training & Research | 05/19/2026 | 330.18 G969B2 | 50376 | 05/19/2026 | 05/19/2026 | Books | |||||
| Dewey Decimal Classification | Non-fiction | National Institute of Technical Teachers Training & Research | National Institute of Technical Teachers Training & Research | 05/19/2026 | 330.18 G969B2 | 50377 | 05/19/2026 | 05/19/2026 | Books |